000
00263nam a22000977a 4500
008
230714b |||||||| |||| 00| 0 eng d
020
_a
9780141365503
100
_a
DAHL ROALD
_9
7629
245
_a
GEORGE'S MARVELLOUS MEDICINE
260
_a
UK
_b
PENGUIN RANDOM HOUSE
_c
2016
999
_c
12370
_d
12370